[Event "31st Roquetas de Mar Open 2020"]
[Site "Roquetas de Mar"]
[Date "2020.01.04"]
[Round "4.4"]
[White "Bjerre, Jonas Buhl"]
[Black "Wieczorek, Oskar"]
[Result "1/2-1/2"]
[WhiteElo "2535"]
[BlackElo "2490"]
[Annotator "ChessBase"]
[PlyCount "73"]
[EventDate "2020.01.02"]
[EventType "swiss"]
[EventCountry "ESP"]
[SourceTitle "playchess.com"]
[Source "ChessBase"]
[SourceQuality "1"]
[TimeControl "5400+30"]

1. d4 {[%emt 0:00:00]} Nf6 {[%emt 0:05:36]} 2. c4 {[%emt 0:00:00]} g6 {[%emt 0:00:03]} 3. Nc3 {[%emt 0:00:07]} d5 {[%emt 0:00:04]} 4. cxd5 {[%emt 0:00:20]} Nxd5 {[%emt 0:00:05]} 5. e4 {[%emt 0:00:17]} Nxc3 {[%emt 0:00:05]} 6. bxc3 {[%emt 0:00:05]} Bg7 {[%emt 0:00:08]} 7. Nf3 {[%emt 0:00:32]} c5 {[%emt 0:00:04]} 8. Be3 {[%emt 0:00:33]} Qa5 {[%emt 0:00:19]} 9. Qd2 {[%emt 0:00:23]} Nc6 {[%emt 0:00:35]} 10. Rb1 {[%emt 0:02:03]} a6 {[%emt 0:00:17]} 11. Rc1 {[%emt 0:00:41]} cxd4 {[%emt 0:00:50]} 12. cxd4 {[%emt 0:00:12]} Qxd2+ {[%emt 0:00:03]} 13. Kxd2 {[%emt 0:00:14]} f5 {[%emt 0:00:03]} 14. e5 {[%emt 0:03:57]} O-O {[%emt 0:00:26]} 15. Bc4+ {[%emt 0:04:39]} e6 {[%emt 0:00:58]} 16. Ke2 {[%emt 0:05:35]} Bd7 {[%emt 0:01:18]} 17. h4 {[%emt 0:18:28]} Rfc8 {[%emt 0:00:41]} 18. Ng5 {[%emt 0:03:42]} Nd8 {[%emt 0:01:43]} 19. Bb3 {[%emt 0:04:06]} a5 {[%emt 0:11:08]} 20. f3 {[%emt 0:11:43]} a4 {[%emt 0:07:47]} 21. Bc2 {[%emt 0:00:37]} Nc6 {[%emt 0:04:35]} 22. g4 {[%emt 0:05:21]} Nb4 {[%emt 0:08:52]} 23. Bb1 {[%emt 0:00:46]} Nd5 {[%emt 0:12:01]} 24. Bd2 {[%emt 0:04:37]} Rxc1 {[%emt 0:11:59]} 25. Rxc1 {[%emt 0:00:24]} Rc8 {[%emt 0:06:03]} 26. Rxc8+ {[%emt 0:07:17]} Bxc8 {[%emt 0:00:07]} 27. Bd3 {[%emt 0:01:24]} h6 {[%emt 0:12:29]} 28. Nh3 {[%emt 0:00:16]} Bd7 {[%emt 0:00:06]} 29. h5 {[%emt 0:06:14]} fxg4 {[%emt 0:12:09]} 30. fxg4 {[%emt 0:00:08]} gxh5 {[%emt 0:00:10]} 31. g5 {[%emt 0:01:48]} hxg5 {[%emt 0:00:09]} 32. Nxg5 {[%emt 0:00:04]} Kf8 {[%emt 0:04:15]} 33. Bg6 {[%emt 0:01:17]} h4 {[%emt 0:00:23]} 34. Nh7+ {[%emt 0:00:46]} Kg8 {[%emt 0:00:04]} 35. Ng5 {[%emt 0:00:07]} Kf8 {[%emt 0:00:15]} 36. Nh7+ {[%emt 0:00:07]} Kg8 {[%emt 0:00:05]} 37. Ng5 {[%emt 0:01:11]} 1/2-1/2

[Event "31st Roquetas de Mar Open 2020"]
[Site "Roquetas de Mar"]
[Date "2020.01.04"]
[Round "4.5"]
[White "Sosa, Tomas"]
[Black "Cruz Lledo, Pablo"]
[Result "1/2-1/2"]
[WhiteElo "2508"]
[BlackElo "2452"]
[Annotator "ChessBase"]
[PlyCount "204"]
[EventDate "2020.01.02"]
[EventType "swiss"]
[EventCountry "ESP"]
[SourceTitle "playchess.com"]
[Source "ChessBase"]
[SourceQuality "1"]
[TimeControl "5400+30"]

1. e4 {[%emt 0:07:49]} g6 {[%emt 0:00:00]} 2. d4 {[%emt 0:00:05]} Bg7 {[%emt 0:00:00]} 3. Nc3 {[%emt 0:00:13]} c6 {[%emt 0:00:00]} 4. f4 {[%emt 0:00:40]} d5 {[%emt 0:00:00]} 5. e5 {[%emt 0:00:05]} Nh6 {[%emt 0:00:07]} 6. Nf3 {[%emt 0:01:13]} f6 {[%emt 0:00:06]} 7. Be3 {[%emt 0:03:42]} O-O {[%emt 0:00:09]} 8. Be2 {[%emt 0:02:29]} Bg4 {[%emt 0:00:25]} 9. O-O {[%emt 0:09:38]} Nd7 {[%emt 0:00:09]} 10. Bf2 {[%emt 0:02:31]} Rc8 {[%emt 0:01:38]} 11. Qd2 {[%emt 0:04:35]} Bxf3 {[%emt 0:09:16]} 12. Bxf3 {[%emt 0:00:09]} e6 {[%emt 0:00:57]} 13. Ne2 {[%emt 0:07:45]} c5 {[%emt 0:05:37]} 14. c4 {[%emt 0:01:12]} dxc4 {[%emt 0:12:16]} 15. Bxb7 {[%emt 0:03:04]} Rc7 {[%emt 0:00:25]} 16. Bf3 {[%emt 0:00:33]} fxe5 {[%emt 0:00:30]} 17. d5 {[%emt 0:10:05]} e4 {[%emt 0:15:27]} 18. Bxe4 {[%emt 0:00:28]} Nf6 {[%emt 0:00:08]} 19. Bf3 {[%emt 0:00:05]} exd5 {[%emt 0:01:26]} 20. Nc3 {[%emt 0:00:40]} d4 {[%emt 0:05:36]} 21. Nb5 {[%emt 0:00:46]} Rcf7 {[%emt 0:04:15]} 22. Qe2 {[%emt 0:07:54]} a6 {[%emt 0:11:53]} 23. Na3 {[%emt 0:00:06]} c3 {[%emt 0:00:06]} 24. bxc3 {[%emt 0:00:38]} Nd5 {[%emt 0:00:08]} 25. cxd4 {[%emt 0:04:34]} Nxf4 {[%emt 0:00:19]} 26. Qc4 {[%emt 0:01:10]} Bxd4 {[%emt 0:02:26]} 27. Bxd4 {[%emt 0:03:49]} Qxd4+ {[%emt 0:03:18]} 28. Qxd4 {[%emt 0:01:14]} cxd4 {[%emt 0:00:03]} 29. g3 {[%emt 0:00:40]} Ne6 {[%emt 0:00:11]} 30. Bd5 {[%emt 0:01:06]} Rxf1+ {[%emt 0:00:16]} 31. Rxf1 {[%emt 0:00:06]} Rxf1+ {[%emt 0:00:09]} 32. Kxf1 {[%emt 0:00:05]} Kf7 {[%emt 0:00:04]} 33. Ke2 {[%emt 0:03:46]} Kf6 {[%emt 0:03:38]} 34. Nc2 {[%emt 0:11:39]} Nc5 {[%emt 0:03:40]} 35. Bc4 {[%emt 0:00:20]} Ke5 {[%emt 0:01:33]} 36. Nb4 {[%emt 0:00:17]} Ng4 {[%emt 0:01:20]} 37. Nxa6 {[%emt 0:01:22]} Ne4 {[%emt 0:00:44]} 38. h3 {[%emt 0:03:49]} Nxg3+ {[%emt 0:04:46]} 39. Kf3 {[%emt 0:00:20]} Ne3 {[%emt 0:00:04]} 40. Bg8 {[%emt 0:00:08]} Ne4 {[%emt 0:00:25]} 41. Nb4 {[%emt 0:00:49]} Ng5+ {[%emt 0:01:14]} 42. Ke2 {[%emt 0:01:26]} Nxh3 {[%emt 0:02:38]} 43. Nc6+ {[%emt 0:02:23]} Ke4 {[%emt 0:00:22]} 44. Bxh7 {[%emt 0:00:13]} Nf4+ {[%emt 0:00:24]} 45. Ke1 {[%emt 0:00:50]} d3 {[%emt 0:06:09]} 46. Nb4 {[%emt 0:00:51]} Nc4 {[%emt 0:00:51]} 47. Nxd3 {[%emt 0:01:43]} Kxd3 48. a4 {[%emt 0:00:56]} Na5 {[%emt 0:01:21]} 49. Kf2 {[%emt 0:00:07]} Ke4 {[%emt 0:00:36]} 50. Kg3 {[%emt 0:00:42]} Kf5 {[%emt 0:00:12]} 51. Kf3 {[%emt 0:00:25]} Nd5 {[%emt 0:01:57]} 52. Bxg6+ {[%emt 0:00:12]} Kxg6 {[%emt 0:00:03]} 53. Ke4 {[%emt 0:00:09]} Nb6 {[%emt 0:00:22]} 54. Ke5 {[%emt 0:00:22]} Kf7 {[%emt 0:00:17]} 55. Kf5 {[%emt 0:00:15]} Nbc4 {[%emt 0:00:15]} 56. Kf4 {[%emt 0:00:20]} Ke6 {[%emt 0:01:10]} 57. Ke4 {[%emt 0:00:06]} Kd6 {[%emt 0:01:17]} 58. Kd4 {[%emt 0:00:09]} Kc6 {[%emt 0:00:02]} 59. Kd3 {[%emt 0:00:32]} Kd5 {[%emt 0:00:17]} 60. Kc3 {[%emt 0:00:05]} Kc5 {[%emt 0:01:09]} 61. Kd3 {[%emt 0:00:06]} Nd6 {[%emt 0:00:27]} 62. Kc3 {[%emt 0:00:30]} Ne4+ {[%emt 0:00:40]} 63. Kd3 {[%emt 0:00:05]} Kd5 {[%emt 0:00:03]} 64. Ke3 {[%emt 0:00:04]} Nc5 {[%emt 0:00:22]} 65. Kf4 {[%emt 0:00:22]} Ke6 {[%emt 0:00:49]} 66. Kg4 {[%emt 0:01:08]} Ke5 {[%emt 0:00:25]} 67. Kf3 {[%emt 0:00:19]} Ne6 {[%emt 0:00:37]} 68. Ke3 {[%emt 0:00:16]} Nf4 {[%emt 0:00:03]} 69. Kf3 {[%emt 0:00:09]} Nd5 {[%emt 0:00:06]} 70. Kg3 {[%emt 0:00:32]} Ke4 {[%emt 0:00:13]} 71. Kg4 {[%emt 0:00:26]} Nf6+ {[%emt 0:02:16]} 72. Kg5 {[%emt 0:00:08]} Ke5 {[%emt 0:00:06]} 73. Kg6 {[%emt 0:00:05]} Ne4 {[%emt 0:00:37]} 74. Kf7 {[%emt 0:00:05]} Kd6 {[%emt 0:00:07]} 75. Kg7 {[%emt 0:01:19]} Ke7 {[%emt 0:00:11]} 76. Kg6 {[%emt 0:00:06]} Ke6 {[%emt 0:00:04]} 77. Kg7 {[%emt 0:00:38]} Nd2 {[%emt 0:00:43]} 78. Kh6 {[%emt 0:00:42]} Kf6 {[%emt 0:04:38]} 79. Kh5 {[%emt 0:00:05]} Kf5 {[%emt 0:00:13]} 80. Kh6 {[%emt 0:00:17]} Ne4 {[%emt 0:00:19]} 81. Kg7 {[%emt 0:00:48]} Ng5 {[%emt 0:00:24]} 82. Kf8 {[%emt 0:01:10]} Kf6 {[%emt 0:00:54]} 83. Ke8 {[%emt 0:00:04]} Ke6 {[%emt 0:00:13]} 84. Kd8 {[%emt 0:00:35]} Kd6 {[%emt 0:00:24]} 85. Ke8 {[%emt 0:00:05]} Ne4 {[%emt 0:02:56]} 86. Kf7 {[%emt 0:00:04]} Kd7 {[%emt 0:00:06]} 87. Kg7 {[%emt 0:00:18]} Ke7 {[%emt 0:00:17]} 88. Kg6 {[%emt 0:00:05]} Ke6 {[%emt 0:00:01]} 89. Kg7 {[%emt 0:00:53]} Ng5 {[%emt 0:00:17]} 90. Kg6 {[%emt 0:00:11]} Nf3 {[%emt 0:00:02]} 91. Kg7 {[%emt 0:01:07]} Ne5 {[%emt 0:00:09]} 92. Kh6 {[%emt 0:00:22]} Kf5 {[%emt 0:00:43]} 93. Kg7 {[%emt 0:00:28]} Kg5 {[%emt 0:00:08]} 94. Kf8 {[%emt 0:00:31]} Kf6 {[%emt 0:00:13]} 95. Ke8 {[%emt 0:00:11]} Ke6 {[%emt 0:02:49]} 96. Kf8 {[%emt 0:00:16]} Nf3 {[%emt 0:00:43]} 97. Kg7 {[%emt 0:00:13]} Nh4 {[%emt 0:00:15]} 98. Kh6 {[%emt 0:00:12]} Nf3 {[%emt 0:00:45]} 99. Kg6 {[%emt 0:00:15]} Ne5+ {[%emt 0:00:31]} 100. Kg5 {[%emt 0:00:05]} Nd7 {[%emt 0:00:26]} 101. Kf4 {[%emt 0:00:05]} Nb8 {[%emt 0:00:16]} 102. Ke4 {[%emt 0:00:06]} Nac6 {[%emt 0:00:04]} 1/2-1/2

[Event "31st Roquetas de Mar Open 2020"]
[Site "Roquetas de Mar"]
[Date "2020.01.04"]
[Round "4.6"]
[White "Lu, Shanglei"]
[Black "Quispe Arteaga, Gabriel"]
[Result "1-0"]
[WhiteElo "2611"]
[BlackElo "2412"]
[Annotator "TA"]
[PlyCount "95"]
[EventDate "2020.01.02"]
[EventType "swiss"]
[EventCountry "ESP"]
[SourceTitle "playchess.com"]
[Source "ChessBase"]
[SourceQuality "1"]

{[%evp 14,95,27,0,16,6,25,9,28,7,16,6,36,31,47,49,28,47,41,9,14,21,20,22,31,11,27,5,10,10,13,6,8,18,40,5,5,0,18,11,15,13,9,8,26,17,30,21,47,47,47,47,55,0,25,18,45,41,42,67,95,51,219,259,258,257,297,288,283,272,473,335,472,477,566,550,568,650,644,629,813,791,1038,1021]} 1. e4 c5 2. Nf3 e6 3. d4 cxd4 4. Nxd4 Nc6 5. Nc3 Qc7 6. Be3 a6 7. Qd2 Nf6 8. f3 Be7 {B48: Sicilian: Taimanov: 5 Nc3 Qc7 6 Be3 a6 without Be2} 9. g4 (9. O-O-O b5 10. g4 Nxd4 11. Bxd4 Bb7 12. g5 Nh5 13. Ne2 Rc8 14. c3 O-O 15. Bh3 f5 16. gxf6 Nxf6 17. Bxf6 Rxf6 18. Qxd7 Rxf3 19. Qxe6+ {1-0 (30) Fedoseev,V (2724)-Quesada Perez,Y (2627) chess.com INT 2018}) 9... b5 10. g5 Nh5 {The position is equal.} 11. O-O-O Nxd4 12. Qxd4 O-O 13. Kb1 Rd8 14. Ne2 {[#]} g6 $146 ({Predecessor:} 14... Bb7 15. Bh3 Rac8 16. Rc1 d5 17. e5 Qc4 18. Qxc4 dxc4 19. Bg4 g6 {½-½ (107) Eggleston,D (2389)-Kotronias,V (2524) Stockholm 2018}) 15. Ng3 Ng7 16. Qb6 (16. f4 {looks sharper.} Bb7 17. Qb6 Qb8 18. Bg2 d5 19. e5) 16... Qxb6 17. Bxb6 Re8 18. h4 d5 19. f4 Bb7 20. Bg2 {[%cal Re4d5]} dxe4 21. Bxe4 Bxe4 22. Nxe4 Nh5 23. Bc7 Rac8 24. Rd7 f5 25. Nf2 Bc5 26. Nd3 Re7 27. Rxe7 Bxe7 28. Be5 Kf7 29. c3 Bf8 30. Kc2 Bg7 31. Bxg7 Kxg7 $14 {[%mdl 4096] Endgame KRN-KRN} 32. Re1 Kf7 33. b3 ({Better is} 33. a4 $14) 33... Ng3 34. Re3 Ne4 35. Ne5+ Ke8 36. Rd3 Rd8 37. b4 Rc8 $2 {[#]} (37... Nf2 $14) 38. Rd7 $1 $18 Rxc3+ 39. Kb2 Rf3 40. Rxh7 Rf2+ {[#]} 41. Kb3 $1 Nd2+ $2 (41... Kf8 42. Nxg6+ Kg8) 42. Kc3 Ne4+ (42... Nf3 {was necessary.} 43. Nxg6 Rh2 44. Re7+ Kd8 45. Rxe6 Nxh4) 43. Kd4 {White is clearly winning.} Rd2+ 44. Ke3 Rxa2 45. Nxg6 a5 46. bxa5 Rxa5 47. h5 b4 48. h6 {Accuracy: White = 71%, Black = 40%.} 1-0

[Event "31st Roquetas de Mar Open 2020"]
[Site "Roquetas de Mar"]
[Date "2020.01.04"]
[Round "4.7"]
[White "Raja Harshit"]
[Black "Sivuk, Vitaly"]
[Result "1/2-1/2"]
[WhiteElo "2482"]
[BlackElo "2579"]
[Annotator "ChessBase"]
[PlyCount "63"]
[EventDate "2020.01.02"]
[EventType "swiss"]
[EventCountry "ESP"]
[SourceTitle "playchess.com"]
[Source "ChessBase"]
[SourceQuality "1"]
[TimeControl "5400+30"]

1. e4 e5 2. Nf3 Nc6 3. Bb5 a6 4. Ba4 d6 5. O-O Bd7 6. d4 Nf6 7. Bxc6 Bxc6 8. Nc3 Be7 9. Re1 exd4 10. Nxd4 Bd7 11. Qf3 O-O 12. h3 b5 13. g4 b4 14. Nce2 Ne8 15. Bf4 g6 16. Rad1 c5 17. Nb3 Qc8 18. Bh6 Ng7 19. Nf4 Be6 20. Nd5 Bxd5 21. exd5 Qd7 22. Na5 Rfe8 23. c3 bxc3 24. Qxc3 Bf8 25. Nc4 Rxe1+ 26. Rxe1 Re8 27. Rxe8 Nxe8 28. Bxf8 Kxf8 29. Qh8+ Ke7 30. Qxh7 Qa4 31. Qh4+ Nf6 32. Nb6 1/2-1/2

[Event "31st Roquetas de Mar Open 2020"]
[Site "Roquetas de Mar"]
[Date "2020.01.04"]
[Round "4.8"]
[White "Suarez Uriel, Adrian"]
[Black "Lopez Martinez, Josep Manuel"]
[Result "1-0"]
[WhiteElo "2362"]
[BlackElo "2545"]
[Annotator "TA"]
[PlyCount "103"]
[EventDate "2020.01.02"]
[EventType "swiss"]
[EventCountry "ESP"]
[SourceTitle "playchess.com"]
[Source "ChessBase"]
[SourceQuality "1"]

{[%evp 9,103,26,31,0,0,0,0,0,-7,-5,0,-18,0,-18,64,68,63,50,73,61,43,63,46,22,37,6,24,15,77,65,74,-38,-33,-95,-86,-81,-87,-94,-100,-97,0,0,0,-2,0,0,0,0,0,0,11,0,38,35,38,30,41,10,13,13,16,0,29,39,103,0,0,0,9,14,9,12,15,0,0,-8,36,0,0,0,110,78,107,33,78,87,996,979,29978,29980,29980,12841,12841,12842,12842,12843]} 1. e4 c5 2. Nf3 d6 3. Nc3 a6 4. g3 Nc6 5. Bg2 e5 (5... e6 6. O-O Be7 7. d4 cxd4 8. Nxd4 Bd7 9. Nb3 Nf6 10. g4 h6 11. f4 b5 12. a3 g5 13. e5 dxe5 14. fxg5 Qb6+ 15. Kh1 hxg5 16. Bxg5 Nh5 17. gxh5 Bxg5 18. Rxf7 Kxf7 19. Qxd7+ {1-0 (27) Mamedov,R (2667)-Leko,P (2702) Hengshui 2019}) 6. O-O {B50: Sicilian: 2...d6, Miscellaneous} g6 7. d3 Bg7 8. Nd5 {The position is equal.} Nge7 9. c3 O-O $146 ({Predecessor:} 9... h6 10. Be3 Nxd5 11. exd5 Ne7 12. Qb3 {1-0 (33) Abelguzin,D (1965)-Valiullin,A (1967) Ufa 2012}) 10. a4 Rb8 11. a5 f5 ({Black should try} 11... Nxd5 $11 12. exd5 Nxa5) 12. Nb6 $14 Kh8 13. Nxc8 Qxc8 14. Ng5 Qd7 15. exf5 Nxf5 16. Bd5 h6 17. Ne4 (17. Ne6 {with more complications.} Rf6 18. Nxg7 Kxg7 19. Bd2 Rbf8 20. Qg4) 17... Nfe7 18. Bb3 d5 (18... Rbd8 $11) 19. Nxc5 $16 Qd6 $1 {[%cal Rd6c5]} 20. Na4 (20. Be3 $16) 20... Nxa5 $15 21. Be3 ({White should play} 21. Bc2 $15) 21... d4 $17 22. cxd4 exd4 23. Bd2 Nxb3 24. Qxb3 {[#]} Nc6 (24... Nd5 $1 $17 25. Rac1 b6) 25. Rac1 $11 Rf5 26. f4 Rb5 27. Qc4 Ne7 28. b4 Nd5 29. Rfe1 Ne3 30. Qc7 Qf8 31. Nc5 Rc8 32. Qd7 {Ne6! is the strong threat.} Rd8 33. Qh3 {aiming for Ne6.} Qf7 34. Qe6 Kg8 35. h3 Nd5 36. Rc4 Ne3 (36... Nb6 $14) 37. Rcc1 (37. Bxe3 $16 dxe3 38. Qxe3 (38. Rxe3 Bd4 $11)) 37... Bf8 38. Bxe3 dxe3 39. Qxe3 Rxb4 40. Ne6 Re8 41. d4 Rb5 42. Qe4 Bd6 43. d5 Qf5 $1 44. Qd4 {[%csl Ge6][%cal Rd4g7]} Qf7 (44... Bf8 $1 $11 45. Nxf8 Rxe1+ 46. Rxe1 Rb1 47. Rxb1 Qxb1+ 48. Kf2 Qc2+ 49. Kf3 Kxf8) 45. Kh1 Rb3 46. Rc3 (46. Kh2 $16) 46... Rb4 47. Rc4 $36 {[%mdl 2048] White is really pushing.} Rb3 $2 {[%mdl 8192] [#]} (47... a5 $16) 48. Rec1 $1 $18 Rxg3 49. Rc8 Bf8 50. R1c7 (50. Rxe8 $142 Qxe8 51. Rc7 Qf7 52. Rxf7 Kxf7 53. Nxf8 Kxf8 54. Qf6+ Kg8 55. d6) 50... Rxc8 51. Rxc8 Rxh3+ {[#]} 52. Kg2 $1 {[%mdl 512] Accuracy: White = 50%, Black = 57%.} 1-0

[Event "31st Roquetas de Mar Open 2020"]
[Site "Roquetas de Mar"]
[Date "2020.01.04"]
[Round "4.9"]
[White "Manu David Suthandram R"]
[Black "Harutyunian, Tigran K."]
[Result "0-1"]
[WhiteElo "2362"]
[BlackElo "2533"]
[Annotator "TA"]
[PlyCount "92"]
[EventDate "2020.01.02"]
[EventType "swiss"]
[EventCountry "ESP"]
[SourceTitle "playchess.com"]
[Source "ChessBase"]
[SourceQuality "1"]

{[%evp 14,92,17,10,18,12,12,15,19,-10,-10,0,0,-18,-16,-16,-16,-20,0,-16,0,0,-12,-125,-129,-125,-125,-136,-125,-129,-118,-122,-128,-127,-137,-135,-129,-168,-144,-197,-197,-200,-206,-189,-210,-176,-141,-146,-147,-159,-140,-175,-118,-162,-151,-218,-202,-186,-158,-159,-152,-269,-304,-294,-280,-387,-390,-389,-281,-283,-281,-457,-457,-476,-500,-489,-483,-581,-575,-548,-517]} 1. e4 e5 2. Nf3 Nc6 3. Bc4 Bc5 4. O-O d6 5. c3 Nf6 6. d3 O-O 7. h3 h6 8. Re1 a5 {C54: Giuoco Piano: 4 c3 Nf6, main lines with 5 d4 and 5 d3} (8... a6 9. a4 Ba7 10. Nbd2 Re8 11. b4 Be6 12. Bxe6 Rxe6 13. Qc2 Qd7 14. Nf1 Ne7 15. Be3 Ng6 16. Bxa7 Rxa7 {1-0 (59) Dominguez Perez,L (2758)-Wang,H (2756) Moscow 2019}) 9. Nbd2 a4 10. Bb5 Bd7 {The position is equal.} 11. Nc4 Ne7 12. Bxd7 Qxd7 13. Be3 Bxe3 14. Nxe3 Rfe8 15. Nh4 g6 16. Rf1 {[#]} Qe6 $146 17. Qd2 Nh5 18. Nd5 (18. d4 $11) 18... Nxd5 $17 19. exd5 Qf6 20. g3 {[#]} Nf4 $1 {[%mdl 512]} 21. Kh2 (21. gxf4 Qxh4) 21... Qg5 22. Nf3 {[#]} Qh5 $1 {[%mdl 576] Double Attack} 23. Ng1 Nxd5 24. c4 Nf6 25. f3 Qg5 26. Qf2 (26. Qxg5 $17 {was necessary.} hxg5 27. Ne2) 26... d5 $19 27. Rac1 Rad8 28. f4 {[#]} exf4 $1 29. Qxf4 Qxf4 30. Rxf4 Kg7 31. c5 Ra8 32. Rb4 Ra7 ({Black should play} 32... Re3 $19 33. Rc3 c6) 33. a3 Re3 34. Rf1 (34. Rc3 $17) 34... g5 ({But not} 34... Rxd3 {[#]} 35. c6 $1 {[%mdl 512]}) 35. Rf3 Rxf3 36. Nxf3 {[%mdl 4096] Endgame KRN-KRN} Nd7 37. Nd4 (37. d4 $17 {keeps fighting.}) 37... c6 ({Resist} 37... Nxc5 38. Nb5 $17) 38. Nf5+ Kf6 39. Nxh6 Nxc5 40. Ng4+ Kg7 41. d4 Nb3 42. Ne5 $2 (42. h4 {was called for.}) 42... f6 {Black is clearly winning.} 43. Nd7 b5 44. Nb8 Rc7 45. g4 Rc8 46. Nd7 Na1 {Accuracy: White = 42%, Black = 79%.} 0-1

[Event "31st Roquetas de Mar Open 2020"]
[Site "Roquetas de Mar"]
[Date "2020.01.04"]
[Round "4.10"]
[White "Shariyazdanov, Andrey"]
[Black "Kumar, Nikhil"]
[Result "1/2-1/2"]
[WhiteElo "2519"]
[BlackElo "2315"]
[Annotator "ChessBase"]
[PlyCount "79"]
[EventDate "2020.01.02"]
[EventType "swiss"]
[EventCountry "ESP"]
[SourceTitle "playchess.com"]
[Source "ChessBase"]
[SourceQuality "1"]
[TimeControl "5400+30"]

1. Nf3 {[%emt 0:00:39]} Nf6 {[%emt 0:00:18]} 2. c4 {[%emt 0:00:21]} e6 {[%emt 0:00:12]} 3. d4 {[%emt 0:00:15]} d5 {[%emt 0:00:12]} 4. e3 {[%emt 0:00:26]} c5 {[%emt 0:00:51]} 5. a3 {[%emt 0:00:32]} dxc4 {[%emt 0:02:37]} 6. Bxc4 {[%emt 0:00:20]} Nc6 {[%emt 0:00:07]} 7. dxc5 {[%emt 0:04:48]} Qxd1+ {[%emt 0:01:33]} 8. Kxd1 {[%emt 0:00:08]} Bxc5 {[%emt 0:02:07]} 9. Ke2 {[%emt 0:00:58]} a6 {[%emt 0:01:59]} 10. b4 {[%emt 0:05:02]} Be7 {[%emt 0:00:19]} 11. Bb2 {[%emt 0:00:19]} b5 {[%emt 0:01:33]} 12. Bd3 {[%emt 0:00:16]} Bb7 {[%emt 0:02:22]} 13. Nbd2 {[%emt 0:00:40]} O-O {[%emt 0:01:16]} 14. Rhc1 {[%emt 0:01:10]} Rac8 {[%emt 0:01:36]} 15. Nb3 {[%emt 0:01:27]} Nd7 {[%emt 0:05:05]} 16. Rc2 {[%emt 0:06:12]} Bd6 {[%emt 0:04:42]} 17. Rac1 {[%emt 0:04:42]} Nce5 {[%emt 0:09:57]} 18. Nxe5 {[%emt 0:02:10]} Nxe5 {[%emt 0:02:45]} 19. Bxe5 {[%emt 0:00:53]} Bxe5 {[%emt 0:01:05]} 20. Nc5 {[%emt 0:00:41]} Rc7 {[%emt 0:06:42]} 21. f4 {[%emt 0:11:38]} Bf6 {[%emt 0:00:13]} 22. Be4 {[%emt 0:03:42]} Rxc5 {[%emt 0:07:38]} 23. Bxb7 {[%emt 0:00:16]} Rxc2+ {[%emt 0:00:21]} 24. Rxc2 {[%emt 0:00:04]} g5 {[%emt 0:00:31]} 25. fxg5 {[%emt 0:06:09]} Bxg5 {[%emt 0:00:08]} 26. Rc6 {[%emt 0:01:12]} Rb8 {[%emt 0:06:21]} 27. Bxa6 {[%emt 0:00:23]} Kg7 {[%emt 0:04:53]} 28. Kd3 {[%emt 0:08:39]} Rd8+ {[%emt 0:01:08]} 29. Kc3 {[%emt 0:00:25]} Bxe3 {[%emt 0:05:30]} 30. Bxb5 {[%emt 0:00:08]} Rd2 {[%emt 0:00:06]} 31. a4 {[%emt 0:02:50]} Rxg2 {[%emt 0:00:15]} 32. a5 {[%emt 0:00:10]} Rxh2 {[%emt 0:03:03]} 33. a6 {[%emt 0:00:55]} h5 {[%emt 0:11:24]} 34. Kd3 {[%emt 0:00:19]} Ba7 {[%emt 0:01:16]} 35. Rc7 {[%emt 0:00:41]} Rh3+ {[%emt 0:00:57]} 36. Ke2 {[%emt 0:01:13]} Bd4 {[%emt 0:05:11]} 37. Rd7 {[%emt 0:00:39]} Bb6 {[%emt 0:04:07]} 38. Rb7 {[%emt 0:01:08]} Bd4 {[%emt 0:00:06]} 39. Bc6 {[%emt 0:02:34]} Re3+ {[%emt 0:04:06]} 40. Kd2 {[%emt 0:03:33]} 1/2-1/2

[Event "31st Roquetas de Mar Open 2020"]
[Site "Roquetas de Mar"]
[Date "2020.01.04"]
[Round "4.11"]
[White "Napoli, Nicolo"]
[Black "Klekowski, Maciej"]
[Result "0-1"]
[WhiteElo "2333"]
[BlackElo "2515"]
[Annotator "TA"]
[PlyCount "54"]
[EventDate "2020.01.02"]
[EventType "swiss"]
[EventCountry "ESP"]
[SourceTitle "playchess.com"]
[Source "ChessBase"]
[SourceQuality "1"]

{[%evp 15,54,-35,-15,-36,37,36,46,-92,-90,-92,-96,-98,-85,-177,-183,-183,-185,-183,-167,-159,-169,-171,-175,-182,-168,-168,-165,-171,-168,-187,-170,-183,-173,-216,-216,-253,-242,-261,-265,-266,-243]} 1. e4 c5 2. c3 Nf6 3. e5 Nd5 4. d4 cxd4 5. Qxd4 e6 6. Nf3 Nc6 7. Qe4 f5 8. Qe2 b6 9. g3 {B22: Sicilian: 2 c3} Bb7 ({Better is} 9... Qc7 $15) (9... a5 10. Bg2 Ba6 11. c4 Bb4+ 12. Bd2 Rc8 13. O-O O-O 14. b3 Nde7 15. Nc3 Ng6 16. Rad1 Qc7 17. Rfe1 Bc5 18. Bc1 h6 19. Nb5 Bxb5 20. cxb5 {1-0 (59) Deviatkin,A (2436)-Hansen,E (2606) Moscow 2019}) 10. Bg2 $14 Qc8 $146 ({Predecessor:} 10... Be7 11. h4 Qc7 12. Bf4 Nxf4 13. gxf4 a5 14. Nbd2 Ba6 15. c4 Rc8 16. Rc1 Nb4 {0-1 (24) Silvain,T (1931)-Bannink,B (2248) Lille 2014}) 11. Nh4 (11. c4 $14 {stays ahead.}) 11... g6 $1 $17 {aiming for ...Ba6.} 12. O-O {[#]} Ba6 $1 {[%cal Ra6e2][%mdl 64] Skewer} 13. Qd1 Bxf1 14. Kxf1 (14. Qxf1 $17 Bg7 15. Bxd5 exd5 16. Bf4) 14... Nxe5 $19 15. Bxd5 exd5 16. Qxd5 Qc4+ 17. Qxc4 Nxc4 18. Nd2 d5 19. Ng2 O-O-O 20. Nxc4 dxc4 21. Bg5 Rd6 22. Ne3 h6 23. Bf4 {[#]} Rc6 $1 24. Rd1 Rh7 25. Rd4 b5 26. Rd5 Rc5 27. Rd1 Rd7 {Accuracy: White = 57%, Black = 57%.} 0-1